000 00478nam a2200193Ia 4500
005 20250423095751.0
008 250422s9999 xx 000 0 und d
020 _a0-201-77037-7
050 _aHF 1359 .K78/
100 _aPaul R. Krugman
245 0 _aInternational Economics: Theory and Policy
250 _asixth Edition
260 _aNew York
260 _bAddison Wesley
260 _c2002
300 _a754 p
650 _aInternational Economics:
942 _cBK
999 _c31271
_d31271